Tunnista ötökkä kuvasta - Statistics

Yleistilastot
  • Tätä visaa on pelattu 130 kertaa
  • Keskiarvotulos 11 / 16
Vastaustilastot
Kuvavisa Vastaus % Oikein
Muurahaiset
100%
Seitsenpistepirkko
100%
Heinäsirkat
98%
Hyttyset
98%
Neitoperhonen
98%
Sudenkorennot
98%
Kärpäset
94%
Kimalaiset
93%
Ampiaiset
88%
Puutiainen
88%
Luteet
61%
Sarvijäärät
22%
Sittiäinen
19%
Vaaksiaiset
13%
Päivänkorennot
6%
Sepät
4%
Ehtoja vastaavia visoja ei löytynyt
Tulosjakauma
Jokaisen tuloksen saaneiden osuus
Persentiili vastausten määrän mukaan
Tuloshistoriasi
Et ole pelannut tätä visaa